00479pab a2200157 454500008004000000100001800040245007400058260000900132300001400141362000800155650002800163650003100191650001500222700001700237773006700254180718b2009 xxu||||| |||| 00| 0 eng d aMyers, Dowell aDemographic forces and turning points in the American city, 1950-2040 c2009 ap.91-111. aNov aHousing - United States aDemography - United States aDemography aPitkin, John aAnnals of the American Academy of Political and Social Science